[Event "V Sunway Sitges Open 2018"]
[Site "Sitges"]
[Date "2018.12.15"]
[Round "2"]
[White "Liang, Awonder"]
[Black "Pogorelov, Ruslan"]
[Result "1/2-1/2"]
[WhiteElo "2589"]
[BlackElo "2354"]
[Annotator "TA"]
[PlyCount "84"]
[EventDate "2018.12.14"]
[EventType "swiss"]
[EventCountry "ESP"]
[SourceTitle "playchess.com"]
[Source "ChessBase"]
[SourceQuality "1"]

{[%evp 15,84,-1,0,-45,-44,-52,0,0,0,9,20,7,41,38,59,52,58,50,58,68,89,46,46,52,56,0,0,0,0,0,24,24,41,39,47,22,76,15,61,45,59,-47,-43,-43,-37,-97,-71,-93,-85,-111,-78,-170,-178,-143,-121,-118,-89,-98,-77,-68,0,0,0,0,0,0,0,0,0,0,0]} 1. e4 c6 2. Nc3 d5 3. Nf3 Bg4 4. h3 Bxf3 5. Qxf3 e6 6. Qg3 {B11: Caro-Kann: Two Knights Variation} Nd7 7. d3 g6 8. Be2 Bg7 {LiveBook: 8 Games} 9. Bf4 $146 ({Predecessor:} 9. h4 Qb8 10. Bf4 Be5 11. Bxe5 Qxe5 12. f4 Qd4 13. h5 Ne7 14. O-O-O O-O-O 15. Kb1 {1-0 (46) Mamedov,R (2688)-Wojtaszek,R (2749) Tallinn 2016}) 9... Qb6 10. Bd2 d4 ({Much worse is} 10... Qxb2 $6 11. Rb1 $16) (10... Be5 $15 11. f4 Bxc3 12. bxc3 Ne7) 11. Nd1 Ne7 {[%cal Bg8e7,Be7c6,Bc6b4][%mdl 32]} 12. O-O O-O 13. a4 c5 14. b3 Nc6 15. Nb2 Nb4 16. Rac1 Rac8 17. Nc4 Qc7 18. Bf4 e5 19. Bd2 a6 20. Bg4 ({White should try} 20. a5 $14) 20... f5 $11 21. exf5 gxf5 {[#] White must now prevent ...b5.} 22. Bf3 Kh8 23. a5 b5 24. axb6 $1 Nxb6 25. Nb2 Rg8 (25... Rf6 $11 {keeps the balance.}) 26. Qh2 (26. Qg5 $16) 26... Bf6 27. Rfe1 Qg7 28. g3 ({Better is} 28. Re2 $14) 28... Bg5 $15 29. Bxg5 Qxg5 30. Red1 (30. Qg2 $15) 30... Rce8 $17 31. Qg2 Re6 32. h4 Qh6 33. Nc4 (33. Na4 $17) 33... Nxc4 $19 34. bxc4 f4 35. Be4 Re7 36. Kh2 Reg7 (36... a5 {with more complications.} 37. Qh3 Na2 38. Bd5 Nxc1 39. Bxg8 Kxg8 40. Rg1 Kf7) 37. Rg1 fxg3+ (37... a5 $15) 38. fxg3 $11 {The position is equal.} Rxg3 39. Qxg3 Rxg3 40. Kxg3 {Threatens to win with Rcf1.} Qf4+ 41. Kh3 {[#] aiming for Rcf1.} Qe3+ 42. Kh2 Qf4+ {Accuracy: White = 37%, Black = 56%.} 1/2-1/2

[Event "V Sunway Sitges Open 2018"]
[Site "Sitges"]
[Date "2018.12.15"]
[Round "2"]
[White "Santos Latasa, Jaime"]
[Black "Lillo Castany, Victor"]
[Result "1/2-1/2"]
[WhiteElo "2584"]
[BlackElo "2336"]
[Annotator "TA"]
[PlyCount "76"]
[EventDate "2018.12.14"]
[EventType "swiss"]
[EventCountry "ESP"]
[SourceTitle "playchess.com"]
[Source "ChessBase"]
[SourceQuality "1"]

{[%evp 23,76,0,0,0,0,0,2,0,6,4,1,-11,10,10,22,9,7,14,41,36,39,39,43,45,50,8,15,5,8,6,11,8,9,0,0,0,0,0,0,0,0,0,0,0,0,0,0,0,0,-18,0,0,0,-8,0]} 1. d4 d5 2. Bf4 Nf6 3. e3 c5 4. c3 Nc6 5. Nd2 e6 6. Ngf3 Bd6 7. Bg3 O-O 8. Bb5 {D02: 1 d4 d5 2 Nf3 sidelines, including 2...Nf6 3 g3 and 2...Nf6 3 Bf4} Ne7 (8... Be7 9. Bd3 b6 10. O-O Bb7 11. h3 Bd6 12. Bh4 Be7 13. Qb1 h6 14. a3 Nh5 15. Bxe7 Qxe7 {½-½ (64) Carlsen,M (2837)-Wang,H (2709) Riadh 2017}) 9. Bd3 c4 10. Bc2 b5 11. e4 dxe4 12. Nxe4 Nxe4 {LiveBook: 5 Games} 13. Bxe4 Rb8 14. O-O Bxg3 $146 ({Predecessor:} 14... Bb7 15. Bxb7 Rxb7 {0-1 (41) Volkov,S (2266)-Tuzhik,A (2208) Sochi 2018}) 15. hxg3 Bb7 16. Bxb7 Rxb7 17. a3 Ng6 18. Re1 Qd5 19. Qc2 a5 20. Ne5 Rc8 21. Nxg6 hxg6 22. Re5 Qc6 23. Rae1 Rd7 24. Qe2 Rd5 {The position is equal.} 25. Rxd5 Qxd5 $11 {[%mdl 4096] Endgame KQR-KQR} 26. Qg4 Qb7 27. Qg5 Rb8 28. Qc5 Rd8 {[#] aiming for ...Rd5.} 29. Re5 Rd5 30. Rxd5 Qxd5 {KQ-KQ} 31. Qc8+ Kh7 32. Qc7 Qf5 33. Qxa5 Qb1+ 34. Kh2 Qxb2 35. f3 Qd2 36. Qb4 Qh6+ 37. Kg1 Qc1+ 38. Kh2 Qh6+ {Accuracy: White = 64%, Black = 48%.} 1/2-1/2

[Event "V Sunway Sitges Open 2018"]
[Site "Sitges"]
[Date "2018.12.15"]
[Round "2"]
[White "Nihal, Sarin"]
[Black "Sarkar, Justin"]
[Result "1-0"]
[WhiteElo "2576"]
[BlackElo "2332"]
[Annotator "TA"]
[PlyCount "117"]
[EventDate "2018.12.14"]
[EventType "swiss"]
[EventCountry "ESP"]
[SourceTitle "playchess.com"]
[Source "ChessBase"]
[SourceQuality "1"]

{[%evp 20,117,6,4,0,0,13,14,2,-2,50,41,47,47,60,53,70,27,36,18,57,54,46,14,18,8,33,36,69,45,45,45,47,45,48,41,52,53,53,53,59,53,58,56,78,79,83,79,90,83,91,66,77,65,65,65,65,65,65,65,86,64,65,64,64,63,92,87,251,251,251,251,251,239,251,251,253,187,4133,3598,3034,2404,1497,1261,1029,317,29957,29959,29960,29959,29953,8567,29969,12845,29983,29984,29984,29984,29984,29985]} 1. Nf3 Nf6 2. c4 c5 3. Nc3 Nc6 4. g3 g6 5. d4 cxd4 6. Nxd4 Bg7 7. Bg2 O-O 8. O-O Qa5 9. e3 Ne5 {A39: Symmetrical English vs ...g6: 4 Bg2 Bg7 5 Nf3 Nf6 6 0-0 0-0 7 d4} 10. Nb3 Qa6 11. c5 {LiveBook: 4 Games} d6 $146 {The position is equal.} ({Predecessor:} 11... Rb8 12. e4 d6 13. Bf4 Nd3 14. cxd6 exd6 15. Qd2 Nxf4 16. Qxf4 Ng4 17. Rfd1 {½-½ (69) Dzagnidze,N (2546)-Almasi,Z (2704) Yerevan 2014}) 12. cxd6 Rd8 13. Nc5 Qb6 14. N5e4 e6 (14... Bg4 $11 15. Qa4 Nxe4 16. dxe7 Rd7 17. Qxe4 (17. Bxe4 Qe6 $11) 17... Be6) 15. Nxf6+ $14 Bxf6 16. Qe2 Bg7 17. f4 Nc6 18. Kh1 Rxd6 19. e4 e5 20. Be3 Qd8 21. f5 Nd4 22. Qf2 gxf5 23. exf5 Bxf5 24. Bxd4 exd4 25. Qxf5 Rf6 26. Qh5 dxc3 27. bxc3 Rc8 28. Rxf6 Qxf6 29. Rf1 Qg6 30. Qd5 b6 31. Qd7 Qe6 32. Rxf7 $1 Qxd7 33. Rxd7 Bxc3 $16 {[%mdl 4096] Endgame KRB-KRB} 34. Bd5+ Kh8 35. Rxa7 Be5 36. Rb7 Rc5 37. Bb3 (37. Be4 {feels hotter.} Bc7 38. Kg2 Kg7 39. Kh3 h6 40. Bd3) 37... Bc7 38. Kg2 Kg7 39. Ra7 h5 40. Ra4 Kg6 41. Rd4 Be5 42. Rd7 Rc7 43. Rd5 Rc5 $2 (43... Bf6 $16) 44. Rxc5 $1 $18 bxc5 {KB-KB} 45. h3 Bc3 46. Kf3 Kg5 47. a4 Be1 48. Bf7 h4 $2 {[#]} (48... Ba5 49. Ke4 Be1) 49. g4 $1 Kf6 50. Bg8 Ke5 51. Ke3 Ba5 52. Kd3 $2 (52. Bc4 Bd8 53. Bb3) 52... Kf4 $2 (52... Kd6 $18 53. Kc4 Bd2) 53. Kc4 Bd8 54. Kxc5 Kg3 {[#]} 55. Be6 $1 Bg5 56. a5 {[%cal Ba4a5,Ba5a6][%mdl 32]} Kxh3 57. a6 {White mates.} Kg3 58. Kc4 Be3 {[#]} 59. g5 $1 {[%mdl 512] Accuracy: White = 78%, Black = 40%.} 1-0

[Event "V Sunway Sitges Open 2018"]
[Site "Sitges"]
[Date "2018.12.15"]
[Round "2"]
[White "Kadric, Denis"]
[Black "Vaishali R"]
[Result "0-1"]
[WhiteElo "2554"]
[BlackElo "2329"]
[Annotator "TA"]
[PlyCount "80"]
[EventDate "2018.12.14"]
[EventType "swiss"]
[EventCountry "ESP"]
[SourceTitle "playchess.com"]
[Source "ChessBase"]
[SourceQuality "1"]

{[%evp 15,80,0,6,13,14,3,12,10,11,13,8,8,8,12,18,-2,0,-9,0,-45,-47,-67,-61,-83,-55,-87,-11,-88,0,-16,-14,-7,0,-66,0,-79,-5,-8,-8,-8,-8,-12,-34,-36,-20,-63,-64,-63,-64,-275,-269,-291,-295,-312,-309,-305,-293,-304,-292,-327,-327,-327,-324,-320,-314,-310,-306]} 1. f4 d5 2. Nf3 Nf6 3. g3 g6 4. Bg2 Bg7 5. O-O O-O 6. d3 {[%cal Bd2d3,Bd3e4,Be4e5][%mdl 32]} b6 7. e4 {A03: Bird's Opening with 1...d5} (7. c3 Bb7 8. Nbd2 c5 9. Qc2 Nc6 10. e4 d4 11. Re1 Rc8 12. c4 e5 13. Bh3 Rc7 14. f5 Bc8 15. g4 Ne8 {1-0 (25) Nakamura,H (2741)-Caruana,F (2709) Moscow 2010}) 7... dxe4 8. dxe4 Ba6 {LiveBook: 3 Games} 9. Re1 {The position is equal.} Nc6 10. e5 Qxd1 11. Rxd1 Rad8 12. Rxd8 $146 ({Predecessor:} 12. Nc3 Rxd1+ 13. Nxd1 Nd5 14. b3 Rd8 {1-0 (30) Rennert,R-Martinovic,D DESC email 2005}) 12... Rxd8 13. Nc3 Ng4 {[%cal Bf6g4,Bg4h6,Bh6f7][%mdl 32]} 14. h3 Nh6 15. Be3 f6 16. g4 fxe5 17. fxe5 Nf7 18. e6 Nd6 $1 19. Ng5 Nb4 {Strongly threatening ...Bxc3.} 20. Rd1 Rf8 (20... Bc4 $17 21. Nf7 Rc8) 21. Bf2 (21. Nf7 $11 {keeps the balance.}) 21... h6 (21... Nxc2 22. Nd5 $16) (21... Bc4 $17 22. b3 Bxc3 23. bxc4 Nxa2) 22. Nf7 Bc4 (22... Nxc2 $6 23. Nxd6 Rxf2 24. Kxf2 $16) (22... Nxf7 $6 23. exf7+ Kxf7 24. a3 $16) 23. a3 Nxc2 24. Rd2 {[#]} (24. Nxd6 $11 cxd6 25. Nd5) 24... Bb3 (24... Nxa3 $1 $15 {[%mdl 512]} 25. bxa3 Bxc3 26. Nxd6 cxd6) 25. Nxd6 (25. Nd5 $11 Nxf7 26. Nxe7+ Kh7 27. exf7 Rxf7 28. Nxg6 $1 {[%mdl 576] Decoy} Kxg6 29. Be4+ {[%mdl 64] Double Attack} Kg5 30. Bxc2 Bxc2 31. Rxc2) 25... cxd6 (25... Bxc3 $1 $17 26. Rd3 {[%mdl 64] Pin} Be1 27. Bxe1 Nxe1 28. Rxb3 Nxg2) 26. Nd5 $132 {[%mdl 2048] White is not holding back} Bxd5 ({Avoid the trap} 26... Bxb2 $2 27. Nxe7+ Kg7 28. Be4 $18) 27. Bxd5 Rc8 28. Be4 Na1 29. Bxg6 Nb3 30. Rd5 Bxb2 31. Rb5 Rc3 32. Bh4 $2 {[#]} ({White should play} 32. Rf5 $15 Bxa3 33. Rf7) 32... Nd4 $1 $19 {[%cal Rd4b5] Black has a decisive advantage.} ({Not} 32... Bxa3 33. Rf5 $17) ({Worse is} 32... Rxh3 33. Bxe7 Bd4+ 34. Kg2 $14) 33. Bf7+ Kg7 34. Rxb2 Nf3+ {[%mdl 64] Double Attack} 35. Kf2 Nxh4 36. a4 Rxh3 {Hoping for ...Rh2+.} 37. Rb5 Rf3+ 38. Ke2 Rf4 39. a5 Rxg4 40. axb6 axb6 {Accuracy: White = 43%, Black = 58%.} 0-1

[Event "V Sunway Sitges Open 2018"]
[Site "Sitges"]
[Date "2018.12.15"]
[Round "2"]
[White "Kelires, Andreas"]
[Black "Henni, Mohamed"]
[Result "1-0"]
[WhiteElo "2535"]
[BlackElo "2314"]
[Annotator "TA"]
[PlyCount "99"]
[EventDate "2018.12.14"]
[EventType "swiss"]
[EventCountry "ESP"]
[SourceTitle "playchess.com"]
[Source "ChessBase"]
[SourceQuality "1"]

{[%evp 19,99,56,96,45,73,37,39,37,42,12,30,22,17,18,16,7,9,0,29,23,14,16,16,25,28,21,22,20,24,0,0,0,0,-18,-25,-16,-20,-20,2,6,97,94,206,199,208,208,208,208,208,208,208,208,208,208,208,208,208,208,208,208,829,829,29963,29963,29965,3565,29960,0,29964,29965,29975,29976,29975,29976,29974,29975,29978,29979,29980,29981,29980,29981]} 1. d4 Nf6 2. Nf3 e6 3. g3 d5 4. Bg2 c5 5. c4 Nc6 6. O-O dxc4 7. dxc5 Qxd1 8. Rxd1 Bxc5 9. Nbd2 {[%cal Bb1d2,Bd2c4,Bc4d6][%mdl 32]} Bd7 {E04: Open Catalan: 5 Nf3} (9... c3 10. bxc3 O-O 11. Nb3 Be7 12. Nfd4 Nxd4 13. cxd4 Nd5 14. Bd2 f5 15. Na5 Re8 16. Rac1 Ba3 17. Rb1 b6 18. Nc4 Bf8 19. Ne3 {½-½ (50) Lenderman,A (2615)-Le,Q (2728) Philadelphia 2018}) 10. Nxc4 Ke7 {LiveBook: 3 Games} 11. Bf4 (11. Nfe5 $16) 11... Rhd8 $146 {White is slightly better.} ({Predecessor:} 11... Nd5 12. Nfe5 Nxe5 13. Nxe5 Bc6 14. Rac1 Bb6 15. Bxd5 Bxd5 16. e4 Bc6 17. Nxc6+ bxc6 {1-0 (40) Cordts,I (2289)-Pienski,O (2168) Ghent 2016}) 12. Bc7 Rdc8 13. Bd6+ Bxd6 14. Nxd6 ({Worse is} 14. Rxd6 b5 $17) 14... Rc7 15. Rac1 {Black must now prevent Ne5.} Ne8 16. Nb5 Rcc8 17. Rc3 Nb4 18. Rxc8 Bxc8 19. a3 Nc6 20. Ng5 h6 21. Ne4 a6 22. Nbd6 Nxd6 23. Nxd6 ({But not} 23. Rxd6 $2 f5 $19) 23... Rb8 24. Bxc6 bxc6 $11 {[%mdl 4096] Endgame KRB-KRN} 25. b4 a5 26. Nc4 axb4 27. Ne5 Rb6 28. axb4 Ba6 29. Rd7+ Ke8 (29... Kf6 $11 30. f4 Rb7) 30. Rxf7 $16 Bxe2 (30... Rxb4 $16 31. Rxg7 Rb1+ 32. Kg2 Bxe2) 31. Rxg7 $18 Rxb4 32. Rg8+ ({Resist} 32. Nxc6 $6 Rb1+ 33. Kg2 Bc4 $16) 32... Ke7 33. Nxc6+ Kf7 34. Nxb4 Kxg8 {KB-KN} 35. f4 Kf7 {[#]} 36. Nc6 $1 Kf6 37. Kf2 Bc4 38. Ne5 Bd5 39. g4 {[%cal Bg3g4,Bg4h5,Bh5h6][%mdl 32]} h5 $2 (39... Be4 40. h4 Bc2) 40. gxh5 Be4 41. h6 Bb1 42. Kg3 (42. h4 $142 Bc2 43. Ke3 Bd1 44. Kd4 Bc2 45. h5 Bh7 {[#]} 46. Ng6 $1 {[%mdl 512]} Kf7 47. Ke5) 42... Bc2 43. Kf2 Bb1 $1 44. h4 {[%cal Bh2h4,Bh4h5][%mdl 32] White mates.} Bc2 45. h5 Bh7 46. Ke3 Bg8 47. Ng6 Kf7 48. Kd4 Bh7 49. Ke5 Bg8 50. Nh4 {Precision: White = 66%, Black = 37%.} 1-0

[Event "V Sunway Sitges Open 2018"]
[Site "Sitges"]
[Date "2018.12.15"]
[Round "2"]
[White "Harutyunian, Tigran K."]
[Black "Antova, Gabriela"]
[Result "1-0"]
[WhiteElo "2528"]
[BlackElo "2303"]
[Annotator "TA"]
[PlyCount "99"]
[EventDate "2018.12.14"]
[EventType "swiss"]
[EventCountry "ESP"]
[SourceTitle "playchess.com"]
[Source "ChessBase"]
[SourceQuality "1"]

{[%evp 26,99,46,41,34,33,71,73,77,71,69,63,89,89,87,87,85,74,83,65,95,62,70,66,72,68,64,64,89,89,120,121,126,89,92,85,156,153,163,149,164,162,164,162,153,164,162,157,147,148,148,154,183,180,206,131,132,128,122,122,117,145,337,275,361,353,478,460,962,962,951,931,888,869,797,753]} 1. Nf3 d5 2. g3 Nf6 3. Bg2 e6 4. d4 Be7 5. c4 O-O 6. Nc3 dxc4 7. Ne5 Nc6 8. Bxc6 bxc6 9. Nxc6 Qe8 10. Nxe7+ Qxe7 11. Qa4 Bb7 12. O-O c5 13. Qxc4 cxd4 {E06: Closed Catalan: Early deviations} 14. Qxd4 {LiveBook: 3 Games} Rfd8 (14... e5 15. Qh4 Qe6 16. e4 Rac8 17. f3 Qb6+ 18. Kg2 h6 19. g4 Rxc3 20. bxc3 Nxe4 21. h3 Nxc3 {1-0 (47) Petrosyan,T (2315)-Oparin,G (2494) Jermuk 2012}) 15. Qh4 Qc5 {White is slightly better.} 16. Be3 Qc6 {[%csl Gb7][%cal Rc6h1] [#]} 17. f3 Nd5 18. Rfd1 f6 19. Nxd5 Rxd5 20. Rxd5 Qxd5 21. Qa4 a6 $146 22. Rc1 {Rc7 is the strong threat.} Rd8 23. Rc7 Qd1+ $1 24. Qxd1 Rxd1+ $14 {[%mdl 4096] Endgame KRB-KRB} 25. Kf2 Bd5 26. b3 Ra1 27. Rc2 Rd1 28. Bd2 e5 29. Ke3 g5 30. Rc5 Bf7 (30... Be6 $142) 31. Rc6 $16 Kg7 32. Bb4 Ra1 33. Be7 Rxa2 34. Bxf6+ {[%mdl 64] [#] Double Attack} Kf8 35. Rc8+ Be8 36. Bxe5 Kf7 37. Rc7+ Ke6 38. Bc3 Bb5 39. Bd2 ({Don't do} 39. Rxh7 Rxe2+ 40. Kd4 Rf2 $16) 39... Ra3 40. Rxh7 Rxb3+ 41. Kf2 Rb2 42. Bxg5 {And now Re7+ would win.} Rxe2+ 43. Kg1 Kd5 $2 (43... Re1+ $16 44. Kg2 Re2+ 45. Kh3 Rf2) 44. Re7 $18 Ra2 45. h4 {[%cal Bh2h4,Bh4h5,Bh5h6][%mdl 32]} a5 46. h5 {White is clearly winning.} a4 (46... Re2 $142 47. Ra7 Re1+ 48. Kh2 Re2+ 49. Kh3 a4) 47. h6 Ra1+ 48. Kg2 Ra2+ 49. Kh3 Bf1+ 50. Kg4 {Accuracy: White = 80%, Black = 46%.} 1-0

[Event "V Sunway Sitges Open 2018"]
[Site "Sitges"]
[Date "2018.12.15"]
[Round "2"]
[White "Stella, Andrea"]
[Black "Ortega Ruiz, Jose Miguel"]
[Result "1/2-1/2"]
[WhiteElo "2503"]
[BlackElo "2298"]
[Annotator "TA"]
[PlyCount "249"]
[EventDate "2018.12.14"]
[EventType "swiss"]
[EventCountry "ESP"]
[SourceTitle "playchess.com"]
[Source "ChessBase"]
[SourceQuality "1"]

{[%evp 24,249,14,13,16,20,16,14,13,0,6,0,24,0,0,0,0,0,0,-12,0,0,13,0,14,4,14,0,20,14,14,10,15,8,34,14,39,25,45,29,117,96,168,151,177,170,183,160,210,187,249,110,104,95,85,12,9,0,0,0,0,0,0,0,0,0,0,0,0,-8,-8,-8,-8,-13,0,0,0,-17,0,0,0,0,0,0,43,43,40,45,45,46,82,0,8,8,11,8,15,15,15,15,16,16,19,22,37,42,95,95,95,95,95,88,88,0,81,0,81,0,0,0,81,44,51,15,15,0,0,0,0,0,0,0,0,0,15,0,0,0,0,0,0,0,0,0,15,15,15,15,42,42,61,0,43,15,15,15,61,43,61,61,146,15,608,15,15,15,15,15,15,15,15,15,15,0,15,15,15,15,139,0,15,0,14,8,15,0,8,14,146,146,146,146,133,0,0,0,119,0,0,0,0,0,0,0,0,0,0,0,0,0,0,0,0,0,0,0,0,0,0,0,0,0,0,0,0,0,0,0]} 1. d4 Nf6 2. c4 e6 3. Nc3 Bb4 4. e3 O-O 5. Nge2 d5 6. a3 Be7 7. cxd5 exd5 8. Nf4 Re8 {E46: Nimzo-Indian: Rubinstein: 4 e3 0-0 5 Ne2 without early Bd3} (8... c6 9. Bd3 Na6 10. O-O Nc7 11. f3 Re8 12. Bd2 Bf8 13. Qe1 g6 14. g4 c5 15. Qf2 b6 16. h4 Bd6 17. Nce2 {0-1 (54) Caruana,F (2816)-Karjakin,S (2782) Leuven 2018}) 9. Bd3 Bd6 10. O-O Bxf4 11. exf4 Nc6 12. Be3 Ne7 13. Re1 {LiveBook: 4 Games} h5 14. f3 Bf5 15. Bf1 c6 16. Bf2 Ng6 $146 17. Qd2 Qd7 18. Na4 b6 19. b3 Rxe1 20. Bxe1 Ne8 21. Nb2 Nd6 22. Rc1 f6 23. a4 Rc8 24. Bf2 Nf8 25. a5 Ng6 26. axb6 axb6 27. Na4 {[%cal Bb2a4,Ba4c5,Bc5d3,Bd3b4][%mdl 32]} Rb8 28. Qc3 Ne7 29. Qb4 Qd8 30. Re1 Kf7 31. h3 {[%cal Bh2h3,Bh3g4][%mdl 32]} b5 (31... Qd7 $11) 32. Nc5 $36 {[%mdl 2048] Black is under strong pressure.} Ra8 (32... Nb7 $16) 33. g4 $18 hxg4 34. hxg4 Bc8 35. Nd3 Ne8 36. f5 Qd6 (36... g6 $142) 37. Qxd6 (37. Qd2 $18) 37... Nxd6 $16 38. Bg3 Nb7 39. Nb4 (39. Be2 $16) 39... Ra3 $11 40. Re3 Bxf5 $1 41. Rxe7+ ({Reject} 41. gxf5 Nxf5 42. Nc2 Ra2 $17) 41... Kxe7 42. Nxc6+ Kd7 43. Nb8+ Kc8 44. gxf5 Rxb3 45. Nc6 Kd7 46. Na7 b4 {Strongly threatening ...Nd6.} 47. Bb5+ Ke7 {next ...Rb1+ is good for Black.} 48. Be1 $1 Rb1 49. Kf2 {Hoping for Nc6+.} b3 {Threatens to win with ...b2.} 50. Bb4+ Kf7 51. Bd3 $1 {[%cal Rd3b1]} Ra1 52. Nb5 b2 53. Nc3 Na5 (53... Rc1 {with more complications.} 54. Nb1 Rc6 55. Ba3 Rb6 56. Ke3 Na5) 54. Bxa5 Rxa5 55. Ke3 Ra3 56. Kd2 Rb3 57. Nb1 (57. Bb1 $1 $16) 57... Ke7 58. Kc2 Rb4 59. Kc3 Rb8 60. Nd2 Kd6 61. Bc2 Re8 62. Kxb2 Re3 $1 63. Bb1 Kc6 64. Kc2 Kb5 (64... Kd6 $1 $14) 65. Ba2 $16 Kc6 66. Bb3 Kd6 67. Ba4 Kc7 68. Bb3 Kd6 69. Ba4 Kc7 $1 70. f4 (70. Bb5 $1 $16) 70... Kd6 $11 71. Bb5 Kc7 (71... Rh3 $1 $11) 72. Bd3 Kb6 73. Kc3 Kc6 74. Nb3 Rf3 75. Nc5 Rxf4 76. Ne6 Rg4 $1 77. Nf8 Kd6 78. Ng6 Kc6 79. Bc2 Kd6 80. Kd3 Rg3+ 81. Kd2 Rg2+ 82. Kc3 Rg4 83. Bd3 Kc6 84. Be2 Rg3+ 85. Kd2 Kd6 86. Nf4 Rg5 87. Bd3 (87. Ke3 $14) 87... Rg1 88. Ke2 Rh1 89. Kf2 Rh4 90. Ke3 Rh1 91. Be2 Rg1 {[#]} (91... Ra1 $14) 92. Kf2 (92. Bf3 $1 $16) 92... Rg5 $2 {[%mdl 8192] [#]} (92... Ra1 $11) 93. Bd3 $2 (93. Nh3 $1 $18 {[%cal Rh3g5]} Rxf5+ 94. Kg2) 93... Rg4 94. Ne2 Rh4 95. Kg2 Rh8 96. Nf4 Rh4 97. Kf3 Rh1 98. Bc2 Rf1+ 99. Ke3 Re1+ 100. Kf2 Rh1 (100... Re8 $11) 101. Bd3 (101. Bb3 $16) 101... Rh4 102. Kg3 Rh1 103. Be2 Rg1+ 104. Kh3 Rh1+ 105. Kg2 Rh4 (105... Ra1 $11) 106. Kg3 $16 Rh1 107. Bf3 Rg1+ 108. Kh3 ({White must play} 108. Kf2 $16 Ra1 109. Bxd5 (109. Nxd5 Ra2+ 110. Kg3 Ra5 $16)) 108... Ra1 $11 109. Kg3 Rg1+ (109... Ra3 $11 {remains equal.}) 110. Bg2 (110. Kf2 $16 Rb1 111. Bxd5 (111. Nxd5 Rb2+ 112. Kg3 Rb5 $16)) 110... Rd1 {The position is equal.} 111. Ne2 Ra1 112. Bf3 Ra3 113. Nf4 Ra4 114. Ne2 Ra3 115. Kf4 Rd3 116. Kg4 Ra3 117. Kg3 Rd3 118. Kf2 Ra3 119. Nf4 Ra2+ 120. Ke3 Ra3+ 121. Nd3 Ra1 122. Bg2 Ra3 123. Bf3 Ra1 124. Nf4 Ra3+ 125. Kf2 {Accuracy: White = 55%, Black = 41%.} 1/2-1/2

[Event "V Sunway Sitges Open 2018"]
[Site "Sitges"]
[Date "2018.12.15"]
[Round "2"]
[White "Ayats Llobera, Gerard"]
[Black "Andreikin, Dmitry"]
[Result "0-1"]
[WhiteElo "2395"]
[BlackElo "2719"]
[Annotator "TA"]
[PlyCount "78"]
[EventDate "2018.12.14"]
[EventType "swiss"]
[EventCountry "ESP"]
[SourceTitle "playchess.com"]
[Source "ChessBase"]
[SourceQuality "1"]

{[%evp 14,78,-9,-25,-26,-29,-28,-23,-26,-24,-14,-14,-2,-19,-10,-13,-2,-6,3,0,30,20,30,-13,-3,-10,12,-63,-38,-101,-99,-100,-106,-105,-105,-102,-94,-68,-65,-57,-40,-45,-45,-138,-125,-166,-176,-193,-194,-187,-192,-246,-249,-240,-225,-361,-287,-418,-416,-692,-654,-853,-870,-1429,-790,-753,-644]} 1. b3 Nf6 2. Bb2 g6 3. g3 d5 4. Bg2 Bg7 5. f4 O-O 6. Nf3 c5 7. O-O Nc6 8. Ne5 {LiveBook: 3 Games. A02: Bird's Opening} Nxe5 (8... Qc7 9. Nxc6 bxc6 10. Be5 Qb6 11. Nc3 Bf5 12. Na4 Qb5 13. d3 c4 14. dxc4 dxc4 15. e4 Rfd8 {1-0 (28) Paravyan,D (2551)-Bykov,O (2336) St Petersburg 2017}) 9. Bxe5 Be6 10. e3 {Black has an edge.} Qd7 11. Qe2 $146 ({Predecessor:} 11. Nc3 d4 12. Bxf6 exf6 13. Na4 Rac8 14. e4 c4 15. Nb2 b5 {0-1 (32) Raaste,E-Pytel,K Aarhus 1971}) 11... Rfd8 12. d3 Bg4 13. Bf3 Bxf3 14. Qxf3 Rac8 15. Nd2 Qh3 16. Qe2 Rc6 17. Rfe1 Bh6 18. Bxf6 (18. Bb2 {feels hotter.} Rcc8 19. c4 Bg7 20. Nf3 Qd7 21. Rad1) 18... exf6 19. e4 {White wants to play exd5.} dxe4 20. Qxe4 ({Better is} 20. dxe4 $11 Re6 21. Rad1) 20... Qc8 21. Nf3 {[#]} (21. Qc4 $15) 21... c4 $1 $17 22. Rad1 {[%cal Rd3c4]} cxb3 23. cxb3 Bf8 24. d4 Rc3 25. Rd3 Rc2 26. Re2 f5 27. Qe3 Bb4 28. Ne5 {[#]} (28. Kf1 $15) 28... Re8 $1 29. Rxc2 Qxc2 30. Qf2 Qb1+ 31. Qf1 Qxa2 32. Qf3 (32. Qf2 $142 Qb1+ 33. Qf1 Qxf1+ 34. Kxf1) 32... a5 $19 33. Qd5 Re7 34. Rd1 (34. Qg2 $142 Qxg2+ 35. Kxg2) 34... Qe2 35. Ra1 (35. Rf1 {was called for.}) 35... Kg7 36. Qd8 (36. Qc4 $142 Qe3+ 37. Kg2) 36... f6 {Black is clearly winning.} 37. Nd7 {[%csl Gd7][%cal Rd8f8]} Rf7 38. Nc5 Qe3+ 39. Kg2 Qd2+ {Accuracy: White = 45%, Black = 59%.} 0-1

[Event "V Sunway Sitges Open 2018"]
[Site "Sitges"]
[Date "2018.12.15"]
[Round "2"]
[White "Duran Vega, Sergio"]
[Black "Inarkiev, Ernesto"]
[Result "0-1"]
[WhiteElo "2391"]
[BlackElo "2693"]
[Annotator "TA"]
[PlyCount "50"]
[EventDate "2018.12.14"]
[EventType "swiss"]
[EventCountry "ESP"]
[SourceTitle "playchess.com"]
[Source "ChessBase"]
[SourceQuality "1"]

{[%evp 16,50,20,9,37,37,51,-17,-8,-9,-9,-9,-9,-13,23,-20,-18,-24,-12,-15,0,0,22,-76,-81,-79,-74,-78,-78,-164,-138,-149,-136,-202,-174,-152,-152]} 1. d4 Nf6 2. c4 g6 3. Nc3 d5 4. cxd5 Nxd5 5. e4 Nxc3 6. bxc3 Bg7 7. Be3 c5 8. Rc1 O-O 9. Qd2 {LiveBook: 130 Games} Qd6 $146 {D85: Exchange Grünfeld: Unusual White 7th moves and lines with 7 Nf3} ({Predecessor:} 9... e5 10. d5 Qd6 11. Bd3 f5 12. f3 Nd7 13. Ne2 Nf6 14. c4 fxe4 15. Bxe4 Nxe4 16. fxe4 b6 17. Bf2 {½-½ (60) So,W (2789)-Vachier Lagrave,M (2783) Leuven 2017}) 10. Nf3 Bg4 11. Ne5 ({Better is} 11. Be2 $14) 11... cxd4 {The position is equal.} 12. cxd4 Bxe5 13. dxe5 Qxd2+ 14. Bxd2 Nd7 15. Bb5 Nxe5 16. Rc7 Rfd8 {aiming for ...Rd4.} 17. Rxe7 Rac8 {( -> ...Rc1+!)} 18. f3 (18. Rxe5 $2 {is a self mate.} Rc1+ $1 {[%mdl 512]} 19. Bxc1 Rd1#) 18... Be6 19. Bg5 (19. Rxb7 $11 {remains equal.} Rc2 20. Bg5) 19... Rc5 $36 {[%mdl 2048] Black has strong initiative.} 20. Rxb7 Nxf3+ 21. gxf3 Rxg5 22. a4 {[#]} (22. h4 $17 Rc5 23. Rf1) 22... Rg2 $1 $19 {Black is clearly better.} 23. Be2 ({Avoid the trap} 23. Rxa7 $2 Rc8 $19) 23... Rd4 24. Rxa7 (24. h4 $17 Bc4 25. Rb2) 24... Kg7 25. h4 {[#] Threatens to win with Kf1.} Bc4 $1 {Accuracy: White = 37%, Black = 63%.} 0-1